Vuela con el viento / (Record no. 356462)
[ view plain ]
| 000 -LEADER | |
|---|---|
| fixed length control field | 02239cam a22004815i 4500 |
| 001 - CONTROL NUMBER | |
| control field | 21409762 |
| 005 - DATE AND TIME OF LATEST TRANSACTION | |
| control field | 20201209124043.0 |
| 008 - FIXED-LENGTH DATA ELEMENTS--GENERAL INFORMATION | |
| fixed length control field | 200130s2019 nyua b 000 1 spa |
| 010 ## - LIBRARY OF CONGRESS CONTROL NUMBER | |
| LC control number | 2019456354 |
| 020 ## - INTERNATIONAL STANDARD BOOK NUMBER | |
| International Standard Book Number | 9781338329711 |
| Qualifying information | (paperback) |
| 020 ## - INTERNATIONAL STANDARD BOOK NUMBER | |
| International Standard Book Number | 1338329715 |
| Qualifying information | (paperback) |
| 020 ## - INTERNATIONAL STANDARD BOOK NUMBER | |
| International Standard Book Number | 9781549087264 |
| Qualifying information | (FollettBound) |
| 020 ## - INTERNATIONAL STANDARD BOOK NUMBER | |
| International Standard Book Number | 1549087266 |
| 020 ## - INTERNATIONAL STANDARD BOOK NUMBER | |
| International Standard Book Number | 9781536451191 |
| Qualifying information | (glb) |
| 020 ## - INTERNATIONAL STANDARD BOOK NUMBER | |
| International Standard Book Number | 1536451193 |
| Qualifying information | (glb) |
| 040 ## - CATALOGING SOURCE | |
| Original cataloging agency | DLC |
| Transcribing agency | DLC |
| Description conventions | rda |
| 042 ## - AUTHENTICATION CODE | |
| Authentication code | pcc |
| 092 ## - LOCALLY ASSIGNED DEWEY CALL NUMBER (OCLC) | |
| Classification number | E Brooke |
| 100 1# - MAIN ENTRY--PERSONAL NAME | |
| Personal name | Brooke, Samantha, |
| Relator term | author. |
| 9 (RLIN) | 5842445 |
| 240 10 - UNIFORM TITLE | |
| Uniform title | <a href="Magic school bus rides again.">Magic school bus rides again.</a> |
| Name of part/section of a work | Blowing in the wind. |
| Language of a work | Spanish. |
| 245 10 - TITLE STATEMENT | |
| Title | Vuela con el viento / |
| Statement of responsibility, etc | [Samantha Brooke] ; translated by María Antonia Cabrera Arús. |
| 246 1# - VARYING FORM OF TITLE | |
| Display text | At head of title: |
| Title proper/short title | El autobús mágico vuelve a despergar |
| 264 #1 - Production, Publication, Distribution, Manufacture, and Copyright Notice. | |
| Place of production, publication, distribution, manufacture | New York : |
| Name of producer, publisher, distributor, manufacturer | Scholastic Inc., |
| Date of production, publication, distribution, manufacture, or copyr | 2019. |
| 300 ## - PHYSICAL DESCRIPTION | |
| Extent | 32 pages : |
| Other physical details | color illustrations ; |
| Dimensions | 23 cm. |
| 336 ## - Content Type | |
| Content type term | text |
| 336 ## - Content Type | |
| Content type term | still image |
| 337 ## - Media type | |
| Media type term | unmediated |
| 338 ## - Carrier type | |
| Carrier type term | volume |
| 490 1# - SERIES STATEMENT | |
| Series statement | Autobús mágico vuelve a despergar |
| 490 1# - SERIES STATEMENT | |
| Series statement | Scholastic nivel 2 lector |
| 500 ## - GENERAL NOTE | |
| General note | "También una serie original de Netflix." |
| 520 ## - SUMMARY, ETC. | |
| Summary, etc | "¿Podrá la clase construir una casa que no se caiga? Los alumnos de la Srta. Rizos ensayan la obra teatro Los tres cerditos. Para el estreno, los chicos quieren construir una casa resista el aire que echa un súper ventilador. La Srta. Rizos y su autobús mágica llevan a la clase bosque, para que los chicos vean cómo los árboles resisten las ráfagas de viento. ¿Se llevará el viento a estos cerditos o aprenderán a mentenerse en pie?"--Back cover. |
| 546 ## - LANGUAGE NOTE | |
| Language note | In Spanish. En español. |
| 650 #0 - SUBJECT ADDED ENTRY--TOPICAL TERM | |
| Topical term or geographic name as entry element | Winds |
| Form subdivision | Juvenile literature. |
| 9 (RLIN) | 5726566 |
| 655 #0 - INDEX TERM--GENRE/FORM | |
| Genre/form data or focus term | Readers (Elementary). |
| 9 (RLIN) | 5689443 |
| 700 1# - ADDED ENTRY--PERSONAL NAME | |
| Personal name | Cabrera Arús, María Antonia, |
| Relator term | translator. |
| 9 (RLIN) | 6390833 |
| 730 0# - ADDED ENTRY--UNIFORM TITLE | |
| Uniform title | Magic school bus rides again (Television program) |
| 9 (RLIN) | 5738279 |
| 830 #0 - SERIES ADDED ENTRY--UNIFORM TITLE | |
| Uniform title | Magic School Bus rides again. |
| Language of a work | Spanish. |
| 9 (RLIN) | 6390834 |
| 830 #0 - SERIES ADDED ENTRY--UNIFORM TITLE | |
| Uniform title | Scholastic reader. |
| Number of part/section of a work | Level 2. |
| Language of a work | Spanish. |
| 9 (RLIN) | 6390835 |
| 906 ## - LOCAL DATA ELEMENT F, LDF (RLIN) | |
| a | 0 |
| b | ibc |
| c | origres |
| d | 2 |
| e | ncip |
| f | 20 |
| g | y-gencatlg |
| 942 ## - ADDED ENTRY ELEMENTS (KOHA) | |
| Source of classification or shelving scheme | Dewey Decimal Classification |
| Koha item type | BOOK |
| Withdrawn status | Lost status | Source of classification or shelving scheme | Damaged status | Not for loan | Collection code | Home library | Current library | Shelving location | Date acquired | Source of acquisition | Total Checkouts | Total Renewals | Full call number | Barcode | Date last seen | Date checked out | Cost, replacement price | Price effective from | Koha item type |
|---|---|---|---|---|---|---|---|---|---|---|---|---|---|---|---|---|---|---|---|
| Dewey Decimal Classification | Spanish Children NonFiction | Wasatch County Library | Wasatch County Library | First Floor | 12/09/2020 | Rainbow Books | 2 | 2 | E Ciencia Tierra Brooke | 34301001706326 | 10/09/2025 | 05/04/2023 | 12.95 | 12/09/2020 | BOOK |
